<?xml version="1.0" encoding="UTF-8"?>
<record
    xmlns:xsi="http://www.w3.org/2001/XMLSchema-instance"
    xsi:schemaLocation="http://www.loc.gov/MARC21/slim http://www.loc.gov/standards/marcxml/schema/MARC21slim.xsd"
    xmlns="http://www.loc.gov/MARC21/slim">

  <leader>01857nam0a2200361   4500</leader>
  <controlfield tag="001">RU\NLR\BIBL_A\010576535</controlfield>
  <controlfield tag="005">20260406120455.0</controlfield>
  <datafield tag="010" ind1=" " ind2=" ">
    <subfield code="a">978-5-9903214-5-8</subfield>
    <subfield code="9">1000</subfield>
  </datafield>
  <datafield tag="021" ind1=" " ind2=" ">
    <subfield code="a">RU</subfield>
    <subfield code="b">2014-81455</subfield>
    <subfield code="9">4964</subfield>
  </datafield>
  <datafield tag="035" ind1=" " ind2=" ">
    <subfield code="a">(NILC)RuMoRGB-006739714</subfield>
  </datafield>
  <datafield tag="035" ind1=" " ind2=" ">
    <subfield code="a">(NLR Aleph) 010576535</subfield>
  </datafield>
  <datafield tag="090" ind1=" " ind2=" ">
    <subfield code="a">10444207</subfield>
    <subfield code="c">10444207</subfield>
  </datafield>
  <datafield tag="100" ind1=" " ind2=" ">
    <subfield code="a">20141224d2013    |||y0rusy50      ca</subfield>
  </datafield>
  <datafield tag="101" ind1="0" ind2=" ">
    <subfield code="a">rus</subfield>
    <subfield code="a">ost</subfield>
    <subfield code="c">rus</subfield>
  </datafield>
  <datafield tag="102" ind1=" " ind2=" ">
    <subfield code="a">RU</subfield>
  </datafield>
  <datafield tag="105" ind1=" " ind2=" ">
    <subfield code="a">ac||z||||00gy</subfield>
  </datafield>
  <datafield tag="200" ind1="1" ind2=" ">
    <subfield code="a">&#x421;&#x43A;&#x430;&#x437;&#x43A;&#x430; &#x43E; &#x446;&#x430;&#x440;&#x435; &#x421;&#x430;&#x43B;&#x442;&#x430;&#x43D;&#x435;, &#x43E; &#x441;&#x44B;&#x43D;&#x435; &#x435;&#x433;&#x43E; &#x441;&#x43B;&#x430;&#x432;&#x43D;&#x43E;&#x43C; &#x438; &#x43C;&#x43E;&#x433;&#x443;&#x447;&#x435;&#x43C; &#x431;&#x43E;&#x433;&#x430;&#x442;&#x44B;&#x440;&#x435; &#x43A;&#x43D;&#x44F;&#x437;&#x435; &#x413;&#x432;&#x438;&#x434;&#x43E;&#x43D;&#x435; &#x421;&#x430;&#x43B;&#x442;&#x430;&#x43D;&#x43E;&#x432;&#x438;&#x447;&#x435; &#x438; &#x43E; &#x43F;&#x440;&#x435;&#x43A;&#x440;&#x430;&#x441;&#x43D;&#x43E;&#x439; &#x446;&#x430;&#x440;&#x435;&#x432;&#x43D;&#x435; &#x43B;&#x435;&#x431;&#x435;&#x434;&#x438;</subfield>
    <subfield code="e">&#x421;&#x43E;&#x4C6;&#x442;&#x430;&#x43D; &#x445;&#x43E;&#x43D; &#x44D;&#x432;&#x430;&#x4C6;&#x442;, &#x4C6;&#x443;&#x432; &#x44E;&#x440;&#x430;&#x4A3; &#x43F;&#x430; &#x432;&#x435;&#x432;&#x430;&#x4A3; &#x41A;&#x438;&#x432;&#x442;&#x43E;&#x43D; &#x443;&#x440;&#x442; &#x43F;&#x43E;&#x445;&#x430;&#x4C6; &#x43F;&#x430; &#x430;&#x43B;&#x44F;&#x4A3; &#x425;&#x14F;&#x442;&#x430;&#x4A3; &#x43C;&#x435;&#x43D;&#x44F;&#x4C6; &#x44D;&#x432;&#x430;&#x4C6;&#x442; &#x442;&#x43E;&#x43D;&#x449;</subfield>
    <subfield code="f">&#x410;.&#x421;. &#x41F;&#x443;&#x448;&#x43A;&#x438;&#x43D;</subfield>
    <subfield code="g">&#x413;.&#x41F;. &#x41A;&#x435;&#x43B;&#x44C;&#x447;&#x438;&#x43D;&#x43D;&#x430; &#x442;&#x43E;&#x43B;&#x43C;&#x430;&#x449;&#x441;&#x430;</subfield>
  </datafield>
  <datafield tag="210" ind1=" " ind2=" ">
    <subfield code="d">2013</subfield>
    <subfield code="a">&#x411;. &#x43C;.</subfield>
  </datafield>
  <datafield tag="215" ind1=" " ind2=" ">
    <subfield code="a">96 &#x441;.</subfield>
    <subfield code="c">&#x446;&#x432;. &#x438;&#x43B;.</subfield>
    <subfield code="d">24</subfield>
  </datafield>
  <datafield tag="300" ind1=" " ind2=" ">
    <subfield code="a">&#x422;&#x435;&#x43A;&#x441;&#x442; &#x43F;&#x430;&#x440;&#x430;&#x43B;. &#x43D;&#x430; &#x440;&#x443;&#x441;. &#x438; &#x445;&#x430;&#x43D;&#x442;&#x44B;&#x439;&#x441;. &#x44F;&#x437;.</subfield>
  </datafield>
  <datafield tag="510" ind1="1" ind2=" ">
    <subfield code="6">z73790</subfield>
    <subfield code="a">&#x421;&#x43E;&#x4C6;&#x442;&#x430;&#x43D; &#x445;&#x43E;&#x43D; &#x44D;&#x432;&#x430;&#x4C6;&#x442;, &#x4C6;&#x443;&#x432; &#x44E;&#x440;&#x430;&#x4A3; &#x43F;&#x430; &#x432;&#x435;&#x432;&#x430;&#x4A3; &#x41A;&#x438;&#x432;&#x442;&#x43E;&#x43D; &#x443;&#x440;&#x442; &#x43F;&#x43E;&#x445;&#x430;&#x4C6; &#x43F;&#x430; &#x430;&#x43B;&#x44F;&#x4A3; &#x425;&#x14F;&#x442;&#x430;&#x4A3; &#x43C;&#x435;&#x43D;&#x44F;&#x4C6; &#x44D;&#x432;&#x430;&#x4C6;&#x442; &#x442;&#x43E;&#x43D;&#x449;</subfield>
    <subfield code="z">ost</subfield>
  </datafield>
  <datafield tag="686" ind1="0" ind2=" ">
    <subfield code="a">&#x428;9(2)60=&#x420;5-5</subfield>
  </datafield>
  <datafield tag="700" ind1=" " ind2="1">
    <subfield code="8">rus</subfield>
    <subfield code="7">ca</subfield>
    <subfield code="a">&#x41F;&#x443;&#x448;&#x43A;&#x438;&#x43D;</subfield>
    <subfield code="b">&#x410;. &#x421;.</subfield>
    <subfield code="c">&#x43F;&#x43E;&#x44D;&#x442;</subfield>
    <subfield code="f">1799-1837</subfield>
    <subfield code="g">&#x410;&#x43B;&#x435;&#x43A;&#x441;&#x430;&#x43D;&#x434;&#x440; &#x421;&#x435;&#x440;&#x433;&#x435;&#x435;&#x432;&#x438;&#x447;</subfield>
    <subfield code="3">RU\NLR\AUTH\77386</subfield>
    <subfield code="9">110441</subfield>
  </datafield>
  <datafield tag="702" ind1=" " ind2="1">
    <subfield code="a">&#x41A;&#x435;&#x43B;&#x44C;&#x447;&#x438;&#x43D;</subfield>
    <subfield code="b">&#x413;. &#x41F;.</subfield>
    <subfield code="f">1957-</subfield>
    <subfield code="g">&#x413;&#x435;&#x43D;&#x43D;&#x430;&#x434;&#x438;&#x439; &#x41F;&#x430;&#x432;&#x43B;&#x43E;&#x432;&#x438;&#x447;</subfield>
    <subfield code="4">730</subfield>
  </datafield>
  <datafield tag="790" ind1=" " ind2="1">
    <subfield code="8">rus</subfield>
    <subfield code="7">ca</subfield>
    <subfield code="a">&#x41F;&#x443;&#x448;&#x43A;&#x438;&#x43D;</subfield>
    <subfield code="b">&#x410;. &#x421;.</subfield>
    <subfield code="c">&#x43F;&#x43E;&#x44D;&#x442;</subfield>
    <subfield code="f">1799-1837</subfield>
    <subfield code="g">&#x410;&#x43B;&#x435;&#x43A;&#x441;&#x430;&#x43D;&#x434;&#x440; &#x421;&#x435;&#x440;&#x433;&#x435;&#x435;&#x432;&#x438;&#x447;</subfield>
    <subfield code="3">RU\NLR\AUTH\77386</subfield>
    <subfield code="9">110441</subfield>
  </datafield>
  <datafield tag="801" ind1=" " ind2="0">
    <subfield code="a">RU</subfield>
    <subfield code="b">&#x420;&#x413;&#x411;</subfield>
    <subfield code="c">20140214</subfield>
    <subfield code="g">RCR</subfield>
  </datafield>
  <datafield tag="801" ind1=" " ind2="1">
    <subfield code="a">RU</subfield>
    <subfield code="b">&#x420;&#x413;&#x411;</subfield>
    <subfield code="c">20140214</subfield>
    <subfield code="2">rusmarc</subfield>
  </datafield>
  <datafield tag="852" ind1=" " ind2=" ">
    <subfield code="a">NLR</subfield>
    <subfield code="b">&#x41E;&#x41D;&#x41B;</subfield>
    <subfield code="j">&#x425;&#x430;&#x43D;&#x442;./3-207</subfield>
  </datafield>
  <datafield tag="942" ind1=" " ind2=" ">
    <subfield code="c">BOOK</subfield>
  </datafield>
  <datafield tag="980" ind1=" " ind2=" ">
    <subfield code="a">NB</subfield>
  </datafield>
  <datafield tag="995" ind1=" " ind2=" ">
    <subfield code="5">2014-12-24</subfield>
    <subfield code="a">ad</subfield>
    <subfield code="b">NLR01</subfield>
    <subfield code="c">NLR01</subfield>
    <subfield code="e">ONL</subfield>
    <subfield code="f">1-790604</subfield>
    <subfield code="k">&#x41E;&#x41D;&#x41B; &#x425;&#x430;&#x43D;&#x442;./3-207</subfield>
    <subfield code="o">0</subfield>
    <subfield code="r">BOOK</subfield>
    <subfield code="s">_3207</subfield>
  </datafield>
</record>
